|
|
|
|
| LEADER |
00000nab a2200000 a 4500 |
| 001 |
vtls000906492 |
| 003 |
SK-MaSNL |
| 005 |
20260513043117.0 |
| 008 |
040720e20010319xo 0 slo |
| 035 |
|
|
|a KE15435
|
| 040 |
|
|
|a KEVKJB
|b slo
|c KEVKJB
|e AACR2
|
| 041 |
0 |
|
|a slo
|
| 044 |
|
|
|a xo
|c SK
|
| 080 |
|
|
|a 351.778.534
|2 1981
|
| 100 |
1 |
|
|a Némethová, Renáta
|4 aut
|9 826895
|
| 245 |
1 |
0 |
|a Otrasné! Matka miléniovej Veroniky pokútne predala pridelený mestský byt
|b Transakcia je neplatná, byt sme zamrežovali
|
| 300 |
|
|
|b 2 foto
|
| 650 |
0 |
7 |
|a byty sociálne
|2 KEVKJB
|9 877524
|
| 650 |
0 |
7 |
|a predaj nelegálny
|2 KEVKJB
|9 1599815
|
| 650 |
0 |
7 |
|a dieťa miléniové
|2 KEVKJB
|9 1222448
|
| 650 |
0 |
7 |
|a mestá
|2 KEVKJB
|9 2929
|
| 650 |
0 |
7 |
|a výpomoc sociálna
|2 KEVKJB
|9 1599816
|
| 650 |
0 |
7 |
|a matky
|2 KEVKJB
|9 4906
|
| 650 |
0 |
7 |
|a zneužitie
|2 KEVKJB
|9 1017207
|
| 651 |
|
7 |
|a Košice (Slovensko)
|2 KEVKJB
|9 18694
|
| 651 |
|
7 |
|a KE,
|2 KEVKJB
|9 877256
|
| 655 |
|
7 |
|a periodikum
|2 snkbucl
|9 29553
|
| 773 |
0 |
8 |
|t Košický denník Korzár
|g Roč. 4, č.65, 19.3.2001, s. 1
|x 1335-4566
|
| 852 |
|
|
|a ZVYKNI
|b KIS3GCP
|
| 999 |
|
|
|c 3290313
|d 3292243
|